Lego Landmarks Quiz Stats

Quiz Updated Oct 15, 2014

Also try: Movies By Lego
Challenge
Share
Tweet
Score 0/15 Timer 06:00
8 Plays Today
% Correct
Statue of Liberty
98%
Big Ben (Elizabeth Tower)
95.9%
Great Wall of China
94.6%
Eiffel Tower
93.1%
Taj Mahal
89.9%
Sydney Opera House
88.3%
Great Pyramid of Giza
83.3%
Colosseum
80.2%
% Correct
Rapa Nui National Park
73.6%
Acropolis of Athens
66.7%
United States Capitol
57.9%
Saint Basil's Cathedral
52.8%
Grauman's Chinese Theatre
31.9%
Itsukushima Shrine
11.4%
Cathedral of Brasília
4.8%

You're not logged in!

Compare scores with friends on all Sporcle quizzes.
Join for Free
OR
Log In

You Might Also Like...

Show Comments

Extras

Top Quizzes Today


Score Distribution

Your Account Isn't Verified!

In order to create a playlist on Sporcle, you need to verify the email address you used during registration. Go to your Sporcle Settings to finish the process.

Report this User

Report this user for behavior that violates our Community Guidelines.

Details: